Zusammengesetzte Wörter 3 - Statistiken

Allgemein
  • Dieses Quiz wurde 188 mal gespielt
    144 seit der letzten Aktualisierung
  • Das Durchschnittsergebnis liegt bei 8 aus 17
Antwortstatistiken
Wort Antwort Wort % Korrekt
LEGO STEIN BOCK
80%
PLATZ REGEN RINNE
75%
FLASCHEN ZUG ABTEIL
67%
LEISTEN BRUCH PILOT
63%
GLÜH WEIN STOCK
63%
QUATSCH KOPF NUSS
62%
RHABARBER KUCHEN DIAGRAMM
59%
BLUT MOND FINSTERNIS
54%
KRÄUTER SCHNAPS IDEE
52%
HAND SCHUH LÖFFEL
52%
PLATZ ANGST SCHWEISS
47%
PULVER SCHNEE ENGEL
38%
FLUGZEUG TRÄGER KLEID
36%
REGEN BOGEN SCHÜTZE
27%
LICHT KEGEL BAHN
27%
HÜHNER SCHENKEL KLOPFER
23%
WEIN BERG BAU
21%
Keine übereinstimmenden Quizze gefunden
Verteilung der Resultate
Anzahl Personen mit jedem Resultat
Perzentil nach korrekt beantworteten Fragen
Ihre Resultats-Entwicklung
Sie haben dieses Quiz seit der letzten Aktualisierung nicht gespielt